Responses for Show #3584 - Thursday, March 16, 2000

Robin Carroll game 4.

Contestants

[<< previous game]

Ruben Mancillas, a special education teacher from Long Beach, California

Brigid Callinan, a pastry chef originally from Pocatello, Idaho

Robin Carroll, a researcher from Marietta, Georgia (whose 3-day cash winnings total $37,100)

[next game >>]

Jeopardy! Round responses

THE SWEET 1600s
THE NATIONAL PASTIME
"E"OGRAPHY
CHRISTIANITY
A FASHIONABLE CATEGORY
"IRISH" STEW
    $100 9
Heart

Robin
    $100 30
Mark McGwire

Brigid
    $100 20
(Robin: What is Bolivia?)

Ecuador

RobinRuben
    $100 1
(Robin: Who are the thieves?)
(Ruben: What is Cavalry?)
(B: What is Mt. Olive?)

Calvary

RobinBrigidRuben
Triple Stumper
    $100 12
Cape

Ruben
    $100 6
Irish eyes

Robin
    $700 17
Chocolate

Robin
    $200 21
Harry Caray

Robin
    $200 22
Erie Canal

Robin
    $200 2
Sacraments

Robin
    $200 13
Turtleneck

Brigid
    $200 7
Irish Sea

Brigid
    $300 18
Lake Victoria

Brigid
    $300 29
Nolan Ryan

Robin
    $300 24
Elba

Robin
    $300 3
Satan

Brigid
    $300 14
sequins

Ruben
    $300 8
Irish Spring

Ruben
    $400 19
Louis XIII

Brigid
    $400 26
Pittsburgh Pirates

Robin
    $400 25
(a minute to go...)

Entebbe

Ruben
    $400 4
Easter

Robin
    $400 15
Suede

Brigid
    $400 10
Irish Hospital Sweepstakes

Triple Stumper
    $500 23
Spinoza

Robin
    $500 28
Tony Gwynn

Ruben
    $500 27
Ethiopia

Robin
    $500 5
66

Robin
    $500 16
Pinstripes

Robin
    $500 11
Irish wolfhound

Brigid

Scores at the first commercial break (after clue 16):

Robin Brigid Ruben
$1,700 $1,500 $600

Scores at the end of the Jeopardy! Round:

Robin Brigid Ruben
$4,700 $2,300 $1,600

Double Jeopardy! Round responses

AMERICAN DIPLOMATS
POETIC FEET
(Alex: What?)
HISTORIC AMOURS
THE JIMMY STEWART FILM FESTIVAL
LITERARY CROSSWORD CLUES "T"
EUPHEMISMS
    $200 23
Shirley Temple Black

Robin
    $200 13
(Robin: What is a trill key?)

Iamb

RobinBrigid
    $200 11
Peter the Great

Robin
    $200 6
It's A Wonderful Life

Robin
    $200 1
Tuck

Robin
    $200 18
Cemetery

Robin
    $400 24
(and we have about a miniute left in the round...)

John Quincy Adams

Robin
    $400 14
Dactyl

Robin
    $400 12
Mary, Queen of Scots

Ruben
    $400 7
The Spirit of St. Louis

Ruben
    $400 2
Tolstoy

Brigid
    $400 19
Gaming

Brigid
    $2,000 25
Cuba

Robin
    $600 28
(Ruben: What is "phyrrhic"?)
(Alex: You added the "H".)

pyrrhic

Ruben
Triple Stumper
    $600 15
Lord Nelson

Robin
    $1,000 8
Vertigo

Ruben
    $600 3
(Robin: What is Tarsa?)

Taras

Robin
Triple Stumper
    $600 20
Developing

Brigid
    $800 26
Nicaragua

Brigid
    $800 29
Romantic poets

Triple Stumper
    $800 16
(B: Who is....(time)?)

Voltaire

RobinBrigid
    $800 9
Glenn Miller

Ruben
    $800 4
(B: What is Timothy?)

Trumbo

RobinBrigid
    $800 21
Ethnic cleansing

Ruben
    $1000 27
The Vatican

Robin
    $1000 30
"When the moon hits your eye like a big pizza pie"

Robin
    $1000 17
Christina

Ruben
    $1000 10
Fievel Goes West

Robin
    $1000 5
Trilby

Robin
    $1000 22
Correction

Ruben

Scores at the end of the Double Jeopardy! Round:

Robin Brigid Ruben
$13,900 $3,100 $6,400
(lock game)

[wagering suggestions for these scores]

Final Jeopardy! Round responses

SPACE
BrigidWhat is Uranus? hee hee
$199
RubenWhat is Saturn
$199
RobinWhat is Pluto?
$100
Pluto

Final scores:

Robin Brigid Ruben
$14,000 $2,901 $6,201
4-day champion: $51,100 3rd place: DirecTV Satellite System 2nd place: Pair of ebike Electronic Bikes

Game dynamics:

Coryat scores:

Robin Brigid Ruben
$12,000 $3,100 $6,000
29 R
(including 2 DDs),
4 W
13 R,
3 W
13 R
(including 1 DD),
2 W

Combined Coryat: $21,100

[game clues] [game scores] [suggest correction]

Game tape date: 1999-12-15
The J! Archive is created by fans, for fans. Scraping, republication, monetization, and malicious use prohibited; this site may use cookies and collect identifying information. See terms. The Jeopardy! game show and all elements thereof, including but not limited to copyright and trademark thereto, are the property of Jeopardy Productions, Inc. and are protected under law. This website is not affiliated with, sponsored by, or operated by Jeopardy Productions, Inc. Join the discussion at JBoard.tv.